Contruyendo hegemonía en América Latina. Una democracia y libre mercado, asociaciones empresarias y sitema financiero (NED y CIPE:un estudio preliminar) /
La autora avanza en el examen de la configuración del poder del capital financiero en la región mediante el análisis de la presencia de las mismas instituciones financieras en la dirección de las asociaciones de bancos de los distintos países y de los complejos y múltiples vínculos que mantienen con...
Uloženo v:
| Hlavní autor: | |
|---|---|
| Médium: | Text |
| Témata: | |
| Tagy: |
Přidat tag
Žádné tagy, Buďte první, kdo vytvoří štítek k tomuto záznamu!
|
MARC
| LEADER | 00000 a a2200000 04500 | ||
|---|---|---|---|
| 001 | 42447 | ||
| 003 | |||
| 040 | |||
| 100 | |a Minella, Ary Cesar | ||
| 245 | |a Contruyendo hegemonía en América Latina. |b Una democracia y libre mercado, asociaciones empresarias y sitema financiero (NED y CIPE:un estudio preliminar) / |c Ary Cesar Minella | ||
| 520 | |a La autora avanza en el examen de la configuración del poder del capital financiero en la región mediante el análisis de la presencia de las mismas instituciones financieras en la dirección de las asociaciones de bancos de los distintos países y de los complejos y múltiples vínculos que mantienen con asociaciones políticas y empresariales norteamericanas y con las usinas del pensamiento neoliberal latinoamericano. | ||
| 590 | |a RRA/NOVIEMBRE2011 | ||
| 650 | |a 1.MERCADO FINANCIERO | ||
| 650 | |a 2.INSTITUCIONES FINANCIERAS | ||
| 650 | |a 3.LIBERALIZACION ECONOMICA | ||
| 650 | |a 4.ESTADOS UNIDOS | ||
| 650 | |a 5.AMERICA LATINA | ||
| 650 | |a 6.ASPECTOS POLITICOS | ||
| 773 | |g páginas 139-183 | ||
| 999 | |c 34977 |d 34977 | ||
